Learning to teach in higher education /

Sonraí bibleagrafaíochta
Príomhchruthaitheoir: Ramsden, Paul
Formáid: LEABHAR
Teanga:English
Foilsithe / Cruthaithe: London ; New York : RoutledgeFalmer, 2003.
Eagrán:Second edition.
Ábhair:
Classic Catalogue: View this record in Classic Catalogue
LEADER 02850nam a2200385 a 4500
001 0025051
003 BD-DhAAL
008 120426s2003 enka b 001 0 eng d
010 |a  2002036795 
020 |a 0415303443 
020 |a 0415303451 (pbk.) 
020 |a 9780415303453 
020 |a 9780415303446 
040 |a DLC  |c DLC  |d YDX  |d UKM  |d BAKER  |d YBM  |d NLGGC  |d UBA  |d DLC  |d BD-DhAAL 
082 0 0 |a 378.12  |2  21 
100 1 |a Ramsden, Paul.  |9 59456 
245 1 0 |a Learning to teach in higher education /  |c Paul Ramsden. 
250 |a Second edition. 
260 |a London ;  |a New York :  |b RoutledgeFalmer,  |c 2003. 
300 |a xiii, 272 pages :  |b illustrations ;  |c 23 cm 
504 |a Includes bibliographical references (pages [254]-264) and index. 
505 0 |a Learning and teaching in higher education -- Introduction -- Ways of understanding teaching -- What students learn -- Approaches to learning -- Learning from the student's perspective -- The nature of good teaching in higher education -- Theories of teaching in higher education -- Design for learning -- The goals and structure of a course -- Teaching strategies for effective learning -- Assessing for understanding -- Evaluating and improving quality -- Evaluating the quality of higher education -- What does it take to improve university teaching? 
526 |a LTIC  |x Professor Md. Golam Samdani Fakir, PhD Director Learning and Teaching Innovation Center (LTIC) BRAC University Course Name : Enriching LTIC for curriculum development, assessment, ethics, faculty leadership, and global education, etc. 
541 1 |a Trim Education  |e 0025051, 44842 
650 0 |a College teaching  |z Great Britain.  |9 13240 
650 0 |a College teaching  |z Australia.  |9 59457 
650 0 |a College teaching  |z Great Britain  |v Case studies.  |9 59458 
650 0 |a College teaching  |z Australia  |v Case studies.  |9 59459 
650 0 |a Education. 
852 1 |a Ayesha Abed Library  |c General Stacks 
942 |2 ddc  |c BK 
999 |c 12101  |d 12101 
952 |0 0  |1 0  |4 0  |6 378_094100000000000_RAM  |7 0  |9 20078  |a BRACUL  |b BRACUL  |c GEN  |d 2012-04-26  |e Karim International  |g 4000.00  |l 5  |m 45  |o 378.0941 RAM  |p 3010025051  |r 2017-08-13  |s 2017-07-06  |t 1  |w 2012-04-26  |y BK 
952 |0 0  |1 4  |2 ddc  |4 0  |6 378_094100000000000_RAM  |7 0  |9 20079  |a BRACUL  |b BRACUL  |d 2012-04-26  |e Karim International  |g 4000.00  |l 0  |o 378.0941 RAM  |p 3010025052  |r 2012-04-26  |t 2  |w 2012-04-26  |y BK  |x Koha Inventory 2020 
952 |0 0  |1 0  |2 ddc  |4 0  |6 378_120000000000000_RAM  |7 0  |9 78294  |a BRACUL  |b BRACUL  |c NEW  |d 2025-09-23  |e Trim Education  |g 6500.00  |l 1  |m 2  |o 378.12 RAM  |p 3010044842  |q 2026-07-30  |r 2025-11-04  |s 2025-11-04  |t 3  |v 13000.00  |w 2025-09-23  |y BK  |x Requisitioned by Professor Md. Golam Samdani Fakir, PhD (Director, Learning and Teaching Innovation Center (LTIC), BRAC University) for the course named - "Enriching LTIC for curriculum development, assessment, ethics, faculty leadership, and global education, etc."